000 00688npc a2200217Ia 4500
001 te14-26474 [d000003027]
003 IT-MiCISF
008 161014s9999||||xx | und||
040 _aIT-MiCISF
_cIT-MiCISF
041 _ait
100 _aMonari Luciano
245 0 _aL'anzianità dono, benedizione e compito
_bMilano, 14-15 febbraio 1998
250 _a1a ed.
260 _a Caritas Italiana
_bCaritas Ambrosiana
_c1998
300 _as.i.
500 _aPasini G., Martini C.M., Colombo G., / anziani, famiglia, società, valori, pastorale, bibbia, chiesa-locale, esperienze /
650 _aterza-età
700 _aAA.VV.
942 _cDD
957 _71
999 _a26474
_bsi
_g1
_c205891
_d205891